লাল গহনা / (Record no. 80272)
[ view plain ]
| 000 -LEADER | |
|---|---|
| fixed length control field | 00620nam a2200205 a 4500 |
| 001 - CONTROL NUMBER | |
| control field | 80272 |
| 003 - CONTROL NUMBER IDENTIFIER | |
| rucl marc code | BD-RjUL |
| 005 - DATE AND TIME OF LATEST TRANSACTION | |
| control field | 20220831130045.0 |
| 008 - FIXED-LENGTH DATA ELEMENTS--GENERAL INFORMATION | |
| fixed length control field | 220831s2022 bg ||||| |||| 00| 0 ben d |
| 020 ## - INTERNATIONAL STANDARD BOOK NUMBER | |
| International Standard Book Number | 9789848967135 |
| 035 ## - SYSTEM CONTROL NUMBER | |
| System control number | (BD-RjUL)80272 |
| 040 ## - CATALOGING SOURCE | |
| Original cataloging agency | BD-RjUL |
| Language of cataloging | eng |
| Transcribing agency | BD-RjUL |
| 041 ## - LANGUAGE CODE | |
| Language code of text/sound track or separate title | ben |
| 082 ## - DEWEY DECIMAL CLASSIFICATION NUMBER | |
| Edition number | 23 |
| Classification number | 891.443 |
| Author mark and year | RAL 2022 |
| 100 ## - MAIN ENTRY--PERSONAL NAME | |
| Personal name | রতন, মোজাম্মেল হোসেন |
| 9 (RLIN) | 4577 |
| 245 ## - TITLE STATEMENT | |
| Title | লাল গহনা / |
| Statement of responsibility, etc. | মোজাম্মেল হোসেন রতন |
| 650 ## - SUBJECT ADDED ENTRY--TOPICAL TERM | |
| Topical term or geographic name as entry element | বাংলা উপন্যাস |
| Topical term or geographic name as entry element | Bengali novel |
| 9 (RLIN) | 4578 |
| 942 ## - ADDED ENTRY ELEMENTS (KOHA) | |
| Source of classification or shelving scheme | Dewey Decimal Classification |
| Koha item type | Books |
| Lost status | Source of classification or shelving scheme | Damaged status | Not for loan | Collection code | Permanent Location | Current Location | Shelving location | Date acquired | Source of acquisition | Cost, normal purchase price | Total Checkouts | Full call number | Date last seen | Copy number | Koha item type |
|---|---|---|---|---|---|---|---|---|---|---|---|---|---|---|---|
| Dewey Decimal Classification | Not For Loan | Non-fiction | Central Library, University of Rajshahi | Central Library, University of Rajshahi | Reading Room | 14/06/2022 | Author | 400.00 | B 891.443 RAL 2022 | 31/08/2022 | C-1 | Books |